• 首页
  • 本馆介绍
  • 公告通知
  • 最新文献
  • 馆藏检索
  • 电子资源
  • 读者导购
  • 参考咨询
  • 我的图书馆
  • 登录
  • 详细信息显示
  • 放入我的书架
  • 预约/预借图书
  • 作者相关作品
  • 分类相关作品
  • 丛书相关作品
  • 出版社相关作品

书目信息

  • 表格格式
  • 工作单格式
  • 卡片格式
题名:
韩星四大天王私密画传
    
 
作者: 张知渔 著
分册:  
出版信息: 北京   中国长安出版社  2005
页数: 255页
开本: 23cm
丛书名:
单 册:
中图分类: K833.12
科图分类:
主题词: 演员--生平事迹--韩国--现代 , 演员
电子资源:
ISBN: 7-80175-325-9
000 00764nam0 2200229 450
001 1231267233
005 20121013084138.46
010    @a7-80175-325-9@dCNY39.80
100    @a20050119d2005 em y0chiy50 ea
101 0  @achi
102    @aCN@b110000
105    @aa z 000yc
200 1  @a韩星四大天王私密画传@Ahan xing si da tian wang si mi hua zhuan@f张知渔著
210    @a北京@c中国长安出版社@d2005
215    @a255页@c照片@d23cm
330    @a本书图文并茂,借助众多照片,介绍了宋承宪、裴勇俊、李秉宪、元斌韩国四大天王的成长过程、影片内外、爱情、绯闻、生活等。
606 0  @a演员@x生平事迹@y韩国@z现代
606 0  @a演员
690    @aK833.12@v4
701  0 @a张知渔@Azhang zhi yu@c(影视娱乐)@4著
801  0 @aCN@bNLC@c20101222
905    @a10447@dK833.12@eJY104
    
    韩星四大天王私密画传/张知渔著.-北京:中国长安出版社,2005
    255页:照片;23cm
    
    
    ISBN 7-80175-325-9:CNY39.80
    本书图文并茂,借助众多照片,介绍了宋承宪、裴勇俊、李秉宪、元斌韩国四大天王的成长过程、影片内外、爱情、绯闻、生活等。
●
相关链接 在E读中查询图书 在五车中查询图书 在当当中查询图书 在豆瓣中查询图书


正题名:韩星四大天王私密画传     索取号:K833.12/JY104         预约/预借

序号 登录号 条形码 馆藏地/架位号 状态 备注
1 7826580   278265805   学院路分馆/ [索取号:K833.12/JY104] 在馆    
2 7826581   278265814   学院路分馆/ [索取号:K833.12/JY104] 在馆    
唐山师范学院图书馆 欢迎您!
大连网信软件有限公司© 版权所有